000 00321nam a22001337a 4500
008 171013b xxu||||| |||| 00| 0 eng d
020 _a0879675349
041 _aeng
080 _23RD
_a316
100 _a50
101 _aSOC
245 _aCLASHING VIEWS ON CONTROVERSIAL SOCIAL ISSUES
_cFINSTERBUSCH,K
942 _2udc
_cBK
999 _c33560
_d33560